The study on potential for agroforestry system development in flooded area in areiyksat commune,lvea em district, kandal province,(សិក្សាសក្ដានុពលដើម្បីអភិវឌ្ឍន៍ប្រព័ន្ធកសិរុក្ខកម្មនៅតំបន់ងាយរងគ្រោះដោយទឹកជំនន់ក្នុងឃុំអរិយក្សត្យ​ ស្រុកល្វាឯម ខេត្តកណ្ដាល) (Record no. 671)

000 -LEADER
fixed length control field 00848nam a22001577a 4500
003 - CONTROL NUMBER IDENTIFIER
control field OSt
005 - DATE AND TIME OF LATEST TRANSACTION
control field 20150917155807.0
008 - FIXED-LENGTH DATA ELEMENTS--GENERAL INFORMATION
fixed length control field 150917b xxu||||| |||| 00| 0 eng d
040 ## - CATALOGING SOURCE
Transcribing agency RUA
082 ## - DEWEY DECIMAL CLASSIFICATION NUMBER
Classification number AGR YON 2005 B032 Or.1
100 ## - MAIN ENTRY--PERSONAL NAME
9 (RLIN) 697
Personal name YONG YENG
245 ## - TITLE STATEMENT
Title The study on potential for agroforestry system development in flooded area in areiyksat commune,lvea em district, kandal province,(សិក្សាសក្ដានុពលដើម្បីអភិវឌ្ឍន៍ប្រព័ន្ធកសិរុក្ខកម្មនៅតំបន់ងាយរងគ្រោះដោយទឹកជំនន់ក្នុងឃុំអរិយក្សត្យ​ ស្រុកល្វាឯម ខេត្តកណ្ដាល)
260 ## - PUBLICATION, DISTRIBUTION, ETC. (IMPRINT)
Place of publication, distribution, etc. phnom penh
Name of publisher, distributor, etc. RUA
Date of publication, distribution, etc. 2005
300 ## - PHYSICAL DESCRIPTION
Extent ix,47p.
Dimensions ill.
Size of unit 29cm.
942 ## - ADDED ENTRY ELEMENTS (KOHA)
Source of classification or shelving scheme
Koha item type AGR
Holdings
Price effective from Date last seen Permanent Location Not for loan Date acquired Source of classification or shelving scheme Koha item type Barcode Lost status Damaged status Shelving location Withdrawn status Current Location Full call number
2015-09-172015-09-17Library Block B 2015-09-17 AGRRUA001077  B032 Library Block BAGR YON 2005 B032 Or.1
2015-09-172015-09-17Library Block B 2015-09-17 AGRRUA001149  B032 Library Block BAGR YON 2005 B032 Or.2
2015-09-172015-09-17Library Block B 2015-09-17 AGRRUA001142  B032 Library Block BAGR YON 2005 B032 Or.3
2015-09-172015-09-17Library Block B 2015-09-17 AGRRUA001214  B032 Library Block BAGR YON 2005 B032 Or.4
2015-09-172017-08-02Library Block B 2015-09-17 AGRRUA001286  B032 Library Block BAGR YON 2005 B032 Or.5
2015-09-172015-09-17Library Block B 2015-09-17 AGRRUA001076  B032 Library Block BAGR YON 2005 B032 Or.6
មជ្ឈមណ្ឌលឯការនៃសាកលវិទ្យាល័យភូមិន្ទកសិកម្មចំការដូង

Powered by Koha